000 00651nam a2200193Ia 4500
999 _c64410
_d64410
003 GCL
005 20240530110730.0
008 140319s9999 xx 000 0 ara d
040 _aGCL /
_cGCL
082 0 4 _a155.418\
_bم م
100 1 _aمحمد عمادالدين اسماعيل
245 1 2 _aالمنهج العلمى وتفسير السلوك /
_cمحمد عمادالدين اسماعيل
260 _a[S.N] :
_bمكتبة النهضة المصرية ،
_c1987
300 _a251 ص
490 _aعلم سلوك الانسان
_v0
650 0 4 _aعلم النفس التطبيقى
650 0 4 _aفلسفة الاخلاق
942 _2ddc
_cBK